00460nam a22001577a 450000500170000001000130001702000260003003500130005603700100006908200060007910000210008524500920010626000420019827000400024030000220028020110928145732.0 aG-001476 c100.00a97881885758931daG-001476 bGift  aN aSinha, Tuhin A.  aThat thing called love:ban unusual romance...and the mumbai rain /cby Tuhin A. Sinha  aNew Delhi bSrishti Publishers c2006 aN-16, C.R. ParkbNew Delhi e110019 a238p. c24cm(pbk)